00549nam a22001697a 450000500170000001000150001702000110003203500140004303700130005708200060007010000270007624500980010326000460020127000810024730000210032870000300034920201102125656.0 aENG-128584 c250.00 aEN-112116 bDBAD/PUB aN aHarganvi,Manazir Ashiq aAfter Dewy Palpability/cby Prof. Manazir Ashiq Harganvi; trans. by Syed Mahmood Ahmad Karimi aDelhibEducational Publishing Housec2020 a3191, Vakil Street, Kucha Pandit, Lal KuanbDelhie110006minfo@ephbooks.com a244p.c22cm(Hbk) aSyed Mahmood Ahmad Karimi